| 000 | 00345nam a2200145 4500 | ||
|---|---|---|---|
| 999 |
_c9504 _d9504 |
||
| 003 | OSt | ||
| 005 | 20210630104129.0 | ||
| 008 | 210630b ||||| |||| 00| 0 eng d | ||
| 020 | _a9788995973219 | ||
| 082 |
_a741.959 _bKIM |
||
| 100 |
_aKim, Jung Gi, _d 1975- |
||
| 245 | _a2011 sketch collection | ||
| 260 |
_aKorea _bSuperani _c2007 |
||
| 942 | _2ddc | ||